000 01251nam a2200325 a 4500
001 000113715
003 CHAP
005 20220329144409.0
008 170911s2017 mx sm |||||||spa d
010 _a110176
011 _a111148
040 _cCHAP
090 _aTesis
100 1 _aLópez Navarro, Alexis
_9126128
245 1 0 _aUnidades de paisaje como base para el ordenamiento territorial comunitario en el Ejido Santa Cruz Ojo de Agua, Epitacio Huerta, Michoacán
_h[En línea]
_cpor Alexis López Navarro.
260 _aChapingo, Méx. :
_bEl autor,
_c2017.
500 _aPara ver el contenido del material haga clic en la liga
502 _aTesis (M.C. en Ciencias Forestales) -- UACH. División de Ciencias Forestales
590 _aBATCH-UPD
_b05
_c20170911
_lUCH01
_h1442
590 _aE11695DGD
_b10
_c20170914
_lUCH01
_h1407
590 _aE6337LMJ
_b05
_c20170911
_lUCH01
_h1442
590 _aE6337LMJ
_b05
_c20170911
_lUCH01
_h1445
650 1 4 _aCartografía
_zMichoacán.
_9133278
650 1 4 _aEvaluación del paisaje
_zMichoacán.
_9133277
650 1 4 _aOrdenamiento territorial
_zMichoacán.
_9133276
856 _aFinding aid
_uhttp://10.13.5.2/tesis/sist113715.pdf
_zTeclea aquí
901 _aBK
942 _cTESIS
942 _n0
999 _c110176
_d110176